Electronic devices and circuits (Record no. 22843)
[ view plain ]
| 000 -LEADER | |
|---|---|
| fixed length control field | 00327nam a2200169Ia 4500 |
| 082 ## - DEWEY DECIMAL CLASSIFICATION NUMBER | |
| Item number | KUM |
| 100 ## - MAIN ENTRY--PERSONAL NAME | |
| Personal name | Kumar/Balbir |
| 250 ## - EDITION STATEMENT | |
| Edition statement | 2 |
| 245 ## - TITLE STATEMENT | |
| Title | Electronic devices and circuits |
| 260 ## - PUBLICATION, DISTRIBUTION, ETC. | |
| Name of publisher, distributor, etc. | prentice hall |
| Date of publication, distribution, etc. | 2014 |
| 366 ## - TRADE AVAILABILITY INFORMATION | |
| Publishers's discount category | 25 |
| 300 ## - PHYSICAL DESCRIPTION | |
| Extent | 728 |
| 546 ## - LANGUAGE NOTE | |
| Language note | ENGLISH |
| 650 ## - SUBJECT ADDED ENTRY--TOPICAL TERM | |
| Topical term or geographic name entry element | EDC |
| 942 ## - ADDED ENTRY ELEMENTS (KOHA) | |
| Koha item type | BOOK |
| Withdrawn status | Lost status | Damaged status | Not for loan | Collection | Home library | Current library | Date acquired | Source of acquisition | Cost, normal purchase price | Inventory number | Total Checkouts | Total Renewals | Full call number | Barcode | Date last seen | Date last checked out | Cost, replacement price | Price effective from | Koha item type |
|---|---|---|---|---|---|---|---|---|---|---|---|---|---|---|---|---|---|---|---|
| CRC | Fr. Agnel's C.Rodrigues College of Engineering | Fr. Agnel's C.Rodrigues College of Engineering | 17/03/2023 | Allied Publisher | 318.75 | 893 dt 09.01.2018 | 1 | 1 | KUM | 25131 | 23/11/2023 | 04/11/2023 | 425.00 | BOOK |